| 000 | 00497nam a22001577a 4500 | ||
|---|---|---|---|
| 005 | 20260422114036.0 | ||
| 008 | 260422b |||||||| |||| 00| 0 eng d | ||
| 020 | _a0131992317 | ||
| 050 |
_aJK2408 _b.S79 |
||
| 245 |
_aState and Local Politics _bGovernment by the people _cDavid B. Magleby et al., |
||
| 250 | _a12th ed. | ||
| 260 |
_aUpper Saddle River, New Jersey _bPearson Prentice Hall _c2007 |
||
| 300 |
_aix. 239p. _bill. _c23.5cm |
||
| 700 | _aMagleby, David B. | ||
| 942 |
_2lcc _cBK _e12th ed. _n0 |
||
| 999 |
_c9421 _d9421 |
||